| 000 | 00983nam a22003011i 4500 | ||
|---|---|---|---|
| 999 |
_c29395 _d29366 |
||
| 001 | 015582571 | ||
| 003 | EG-ScBUE | ||
| 005 | 20210824115503.0 | ||
| 008 | 130503r20112004enka f 000 0 eng d | ||
| 020 | _a9780194384261 | ||
| 040 |
_aStDuBDS _beng _erda _cStDuBDS _dEG-ScBUE |
||
| 082 | 0 | 4 |
_a428.24 _bOXE _222 |
| 100 | 1 |
_aOxenden, Clive, _eauthor. _97943 |
|
| 245 | 1 | 0 |
_aNew English file : _belmentary, _pTeacher's book / _cClive Oxenden [and four others] |
| 246 | 3 | 3 | _aTeacher's book |
| 250 | _aReprinted edition. | ||
| 264 | 1 |
_aOxford : _bOxford University Press, _c2011. |
|
| 300 |
_a240 pages : _billustrations ; _c28 cm |
||
| 336 |
_atext _2rdacontent _btxt |
||
| 337 |
_aunmediated _2rdamedia _bn |
||
| 338 |
_avolume _2rdacarrier _bnc |
||
| 650 | 7 |
_aEnglish language _vTextbooks for foreign speakers. _2BUEsh |
|
| 653 |
_bHHUUEENN _cAugust2021 |
||
| 655 |
_vReading book _934232 |
||
| 942 |
_2ddc _cBB |
||